000 00556nam a2200169 i 4500
001 99733
003 ES-MaACL
005 20230906182539.0
007 t|
008 050915s1933 sp ||||1| spa d
100 1 _aMartínez Alcubilla y Boronat, Marcelo.
_9148747
245 1 0 _aLegislación del impuesto del timbre del Estado /
_cpor Don Marcelo Martínez Alcubilla y Boronat.
260 _aMadrid :
_b[s.n.],
_c1933 (
_fImp. Sáez Hermanos)
300 _a283 p. ;
_c26 cm.
650 _aTimbre (Impuesto)-
_zEspaña.
_9161971
852 _aES-MaACL
_jA-1602
999 _c99733
_d99733